Every Sniper in Fortnite - Statistics

General Stats
  • This quiz has been taken 25 times
  • The average score is 6 of 16
Answer Stats
Picture Answer % Correct
Hunting Rifle
100%
Heavy Sniper Rifle
76%
Bolt-Action Sniper Rifle
71%
Rail Gun
59%
Semi-Auto Sniper Rifle
59%
Suppressed Sniper Rifle
59%
Dragon's Breath Sniper
47%
Storm Scout Sniper Rifle
41%
Lever Action Rifle
35%
Automatic Sniper Rifle
24%
Boom Sniper Rifle
12%
Explosive Repeater Rifle
12%
Amban Sniper Rifle
6%
Heavy Impact Sniper Rifle
6%
Hunter Bolt-Action Sniper
6%
Reaper Modular Sniper Rifle
0%
No matching quizzes found
Score Distribution
Percent of People with Each Score
Percentile by Number Answered
Your Score History
You have not taken this quiz